Can you name the top 15 juice wrld songs - Statistics

General Stats
  • This quiz has been taken 160 times
  • The average score is 5 of 15
Answer Stats
rank/year song name % Correct
2 2018 Lucid dreams
99%
4 2018 All girls are the same
84%
7 2019 Robbery
81%
6 2018 Lean wit me
51%
13 2019 Bandit
50%
1 2018 Wasted
42%
11 2019 Fast
27%
9 2018 Fine china
21%
12 2019 hear me calling
20%
5 2017 moonlight
20%
3 2018 Used to
13%
14 2018 Hide
6%
8 2017 Autograph
5%
15 2019 Graduation
5%
10 2017 My fault
2%
No matching quizzes found
Score Distribution
Percent of People with Each Score
Percentile by Number Answered
Your Score History
You have not taken this quiz